"A" Countries Ranked by Guesses - Statistics

General Stats
  • This quiz has been taken 42 times
  • The average score is 9 of 11
Answer Stats
% Answer % Correct
94 Australia
100%
74 Austria
92%
87 Argentina
89%
63 Algeria
86%
71 Afghanistan
84%
45 Andorra
81%
57 Albania
78%
27 Antigua and Barbuda
78%
47 Angola
76%
46 Armenia
76%
44 Azerbaijan
73%
No matching quizzes found
Score Distribution
Percent of People with Each Score
Percentile by Number Answered
Your Score History
You have not taken this quiz